000 00727nam a2200277 a 4500
003 AR-BaBNM
005 20251128204451.0
008 082120s2002 ||||||||||||||000 | spa||
020 _a950-07-0620-2
040 _cAR-BaBNM
100 1 _aDevetach, Laura
245 0 0 _aEl brujo de los tubitos
260 _aBuenos Aires
_bSudamericana
_c1990
300 _a16 p.
_bil., láms.
490 0 _aLibros del bolsillo
_vv. 5
500 _aContiene nota para los lectores de la editora
650 4 _aCUENTOS
650 4 _aLITERATURA INFANTIL
650 4 _aLIBROS PARA NIÑOS
651 4 _aArgentina
655 _aLITERATURA
700 1 _aEzcurra, Isabel
_eilustrador
800 0 _aCanela
942 _cBK
998 _claura
999 _c7534
_d7534